000 00481nam a2200181Ia 4500
005 20250326141813.0
008 250326s9999 xx 000 0 und d
037 _aTextbook
040 _aFMSL
_beng
_cFMSL
041 _aeng
_2eng
084 _qFMSL
100 _aStern L W
_9744060
245 0 _aMarketing channels
_cStern L W; EL Ansary A I
260 _aPrentice-Hall
_bPrentice-Hall, International
_c1988
300 _a623p
942 _cTB
999 _c1292040
_d1292040